| 000 | 01116nam a2200217Ii 4500 | ||
|---|---|---|---|
| 003 | JO-AjNU | ||
| 008 | 230605s9999||||xx |||||||||||||| ||und|| | ||
| 017 | _a2014/2/1011 | ||
| 020 | _a978-9957-96-004-9 | ||
| 040 |
_aJO-AjNU _bara _erda _cJO-AjNU |
||
| 041 | _aara | ||
| 050 | 1 | 4 | _aZ678 2014 |
| 100 | 3 |
_aجمعية المكتبات والمعلومات الآردنية، جامعة البلقاء التطبيقية؛ إشراف امل محمد زاش, _eauthor _945921 |
|
| 245 | 0 | 0 | _aوقائع المؤتمر الدولي الأول بعنوان المكتبات ومراكز المعلومات في بيئة رقمية متغيرة = Libraries and Information Centers in A Changing Digital Environment، عمان 24 - 26/ 12/1434هجري 29-31 / 10/ 2013م |
| 264 | 3 | 1 | _aعمان: جمعية المكتبات والمعلومات الاردنية، 2014 |
| 300 | _a799ص | ||
| 336 |
_atext _btxt _2rdacontent |
||
| 337 |
_aunmediated _bn _2rdamedia |
||
| 338 |
_avolume _bnc _2rdacarrier |
||
| 650 | 4 |
_aالمكتبات - الاردن - مراكز المعلومات - الاردن -مؤتمرات _945922 |
|
| 999 |
_aA19940 _c23508 _d23508 |
||